| 000 | 01267nam a22002897a 4500 | ||
|---|---|---|---|
| 003 | BD-DhSAU | ||
| 005 | 20220928131758.0 | ||
| 008 | 150612b2021 bg ad||| m||| 00| 0 eng d | ||
| 040 | _aBD-DhSAU | ||
| 082 |
_222 _a595.7 _bAk79 |
||
| 100 |
_aAkter, Sonia _eRegistration no. # 14-05976 |
||
| 245 |
_aStudy on the biology of two spotted spider mite (Tetranychus urticae) pest in brinjal and bitter gourd : Impact of its ecofriendly management / _bMS thesis _cSonia Akter |
||
| 260 |
_aSher-e-Bangla Agricultural Uniersity : _bDepartment of Entomology, _cJune, 2021. |
||
| 300 |
_aviii, 65 p. : _bill. ; _c30 cm. |
||
| 500 | _aMS thesis of Department of Entomology, Faculty of Agriculture, Sher-e-Bangla Agricultural University, Dhaka, Bangladesh | ||
| 504 | _aIncludes bibliographical reference. | ||
| 590 | _aKobir | ||
| 650 | _aEntomology | ||
| 650 | _aTwo spotted spider mite | ||
| 650 | _aTetranychus urticae | ||
| 650 | _aPest in brinjal | ||
| 650 | _aBitter gourd | ||
| 700 |
_aRahman, Md. Mizanur _eSuperviser |
||
| 700 |
_aHossain, Mohammad Sakhawat _eCo-superviser |
||
| 856 | _uhttp://archive.saulibrary.edu.bd:8080/xmlui/handle/123456789/3852 | ||
| 942 |
_2ddc _cTHESIS |
||
| 999 |
_c16092 _d16091 |
||